header

Scapegoats : (Record no. 123938)

MARC details
000 -LEADER
fixed length control field 01606nam a22003731i 4500
001 - CONTROL NUMBER
control field ebr10764432
003 - CONTROL NUMBER IDENTIFIER
control field CaPaEBR
006 - FIXED-LENGTH DATA ELEMENTS--ADDITIONAL MATERIAL CHARACTERISTICS--GENERAL INFORMATION
fixed length control field m o d
007 - PHYSICAL DESCRIPTION FIXED FIELD--GENERAL INFORMATION
fixed length control field cr cn|||||||||
008 - FIXED-LENGTH DATA ELEMENTS--GENERAL INFORMATION
fixed length control field 130130s2013 enka ob 001 0 eng d
020 ## - INTERNATIONAL STANDARD BOOK NUMBER
International Standard Book Number 9781908739933 (e-book)
Cancelled/invalid ISBN 9781908739681
040 ## - CATALOGING SOURCE
Original cataloging agency CaPaEBR
Language of cataloging eng
Description conventions rda
-- pn
Transcribing agency CaPaEBR
035 ## - SYSTEM CONTROL NUMBER
System control number (OCoLC)861536186
050 14 - LIBRARY OF CONGRESS CALL NUMBER
Classification number D25
Item number .S27 2013eb
100 1# - MAIN ENTRY--PERSONAL NAME
Personal name Scott, Michael,
Dates associated with a name 1941-
245 10 - TITLE STATEMENT
Title Scapegoats :
Remainder of title thirteen victims of military injustice /
Statement of responsibility, etc Michael Scott.
264 #1 - PRODUCTION, PUBLICATION, DISTRIBUTION, MANUFACTURE, AND COPYRIGHT NOTICE
Place of production, publication, distribution, manufacture London :
Name of producer, publisher, distributor, manufacturer Elliott & Thompson,
Date of production, publication, distribution, manufacture, or copyright notice [2013]
Date of production, publication, distribution, manufacture, or copyright notice �2013
300 ## - PHYSICAL DESCRIPTION
Extent 1 online resource (337 pages) :
Other physical details illustrations
336 ## - CONTENT TYPE
Content type term text
Source rdacontent
337 ## - MEDIA TYPE
Media type term computer
Source rdamedia
338 ## - CARRIER TYPE
Carrier type term online resource
Source rdacarrier
504 ## - BIBLIOGRAPHY, ETC. NOTE
Bibliography, etc Includes bibliographical references (pages 306-312) and index.
588 ## - SOURCE OF DESCRIPTION NOTE
Source of description note Description based on print version record.
590 ## - LOCAL NOTE (RLIN)
Local note Electronic reproduction. Palo Alto, Calif. : ebrary, 2013. Available via World Wide Web. Access may be limited to ebrary affiliated libraries.
650 #0 - SUBJECT ADDED ENTRY--TOPICAL TERM
Topical term or geographic name as entry element Judicial error
Form subdivision Cases.
Topical term or geographic name as entry element Military history
Form subdivision Case studies.
Topical term or geographic name as entry element Scapegoat
Form subdivision Case studies.
655 #0 - INDEX TERM--GENRE/FORM
Genre/form data or focus term Electronic books.
776 08 - ADDITIONAL PHYSICAL FORM ENTRY
Display text Print version:
Main entry heading Scott, Michael.
Title Scapegoats : thirteen victims of military injustice.
Place, publisher, and date of publication London : Elliott & Thompson,c2013
Physical description xiv, 322 pages : illustrations ; 24 cm.
International Standard Book Number 9781908739681
Record control number (DLC) 2012551381
797 2# - LOCAL ADDED ENTRY--CORPORATE NAME (RLIN)
Corporate name or jurisdiction name as entry element ebrary.
856 40 - ELECTRONIC LOCATION AND ACCESS
Uniform Resource Identifier <a href="http://site.ebrary.com/lib/rucke/Doc?id=10764432">http://site.ebrary.com/lib/rucke/Doc?id=10764432</a>
Public note An electronic book accessible through the World Wide Web; click to view

No items available.

© 2026 Rongo University
Contact us: librarian | system librarian | Rongo university